000 00614nam a2200229Ia 4500
003 OSt
005 20220918204408.0
006 a|||||r|||| 00| 0
007 ta
008 220917b |||||||| |||| 00| 0 eng d
024 _a112,500
037 _cTextual
040 _aARTS
_cARTS
_beng
041 _2eng
_aeng
082 _aV53:2:N5, J4-;1
100 _aWilliams P
_9111906
245 0 _aPolitics in post war France
_b Parties and the constitution in the 4th republic
260 _c1954
650 _aHISTORY
942 _hV53:2:N5, J4-;1
_cTEXL
_2CC
999 _c235849
_d235849